000 00357nam a2200145Ia 4500
008 230917s9999||||xx |||||||||||||| ||und||
040 _e29265
_aMAIN
041 _aEnglish
082 _a515.33 D536D
100 _aDhami, H S
245 0 _aDifferential calculus
260 _aNew Delhi
_bNew Age International
_c1998
300 _axv, 386 p.
942 _cBK
999 _c100021
_d100021